EH pilots 'MOTs' for historic buildings (Record no. 72206)
[ view plain ]
| 000 -LEADER | |
|---|---|
| fixed length control field | 00938cam a2200193 4500 |
| 001 - CONTROL NUMBER | |
| control field | WB3909-02 |
| 008 - FIXED-LENGTH DATA ELEMENTS--GENERAL INFORMATION | |
| fixed length control field | 030304n2003 000 0 eng u |
| 035 ## - SYSTEM CONTROL NUMBER | |
| System control number | (Sirsi) u121497 |
| 245 ## - TITLE STATEMENT | |
| Title | EH pilots 'MOTs' for historic buildings |
| 260 ## - PUBLICATION, DISTRIBUTION, ETC. | |
| Date of publication, distribution, etc. | 2003 |
| 490 ## - SERIES STATEMENT | |
| Series statement | Building Design |
| Volume/sequential designation | (1567) 21 February 2003, 7(1) |
| 520 ## - SUMMARY, ETC. | |
| Summary, etc. | English Heritage in partnership with Maintain our Heritage, is piloting a scheme in the Bath area, to offer assistance to owners of historic buildings. Styled on the successful Monument Watch in Holland, the scheme offer an annual MOT-style certificate and a report on maintaining the building over the next 12 months. Maintain our Heritage is a not-for-profit company, web address; http://www.maintainourheritage.co.uk |
| 590 ## - LOCAL NOTE (RLIN) | |
| Local note | WB |
| 650 ## - SUBJECT ADDED ENTRY--TOPICAL TERM | |
| Topical term or geographic name entry element | HISTORIC BUILDINGS |
| 650 ## - SUBJECT ADDED ENTRY--TOPICAL TERM | |
| Topical term or geographic name entry element | BUILT ENVIRONMENT-BUILDING MAINTENANCE AND REFURBISHMENT |
| 650 ## - SUBJECT ADDED ENTRY--TOPICAL TERM | |
| Topical term or geographic name entry element | BATH |
| 690 ## - LOCAL SUBJECT ADDED ENTRY--TOPICAL TERM (OCLC, RLIN) | |
| Topical term or geographic name as entry element | BUILT ENVIRONMENT |
| 942 ## - ADDED ENTRY ELEMENTS (KOHA) | |
| Suppress in OPAC | 0 |
| Withdrawn status | Lost status | Source of classification or shelving scheme | Damaged status | Not for loan | Home library | Current library | Shelving location | Date acquired | Total Checkouts | Full call number | Barcode | Date last seen | Copy number | Price effective from | Koha item type |
|---|---|---|---|---|---|---|---|---|---|---|---|---|---|---|---|
| Dewey Decimal Classification | London | London | News article | 04/03/2003 | WB3909-02 | 121497-1001 | 06/08/2019 | 1 | 06/08/2019 | News article |